[Event "DEM U14w 2017"]
[Site "Willingen GER"]
[Date "2017.06.04"]
[Round "1"]
[White "Müdder, Melanie"]
[Black "Wagner, Victoria"]
[Result "1-0"]
[Termination "normal"]
[Board "1"]
[WhiteElo "1769"]
[BlackElo "1499"]
[WhiteClock "00:01:09"]
[BlackClock "00:00:37"]
[PlyCount "69"]
[WhiteFideId "12994103"]
[BlackFideId "16232348"]
[EventCountry "GER"]
[EventRounds "9"]
[EventType "swiss"]
[EventDate "2017.06.03"]

1. e4 c5 2. Nf3 d6 3. d4 cxd4 4. Nxd4 Nf6 5. Nc3 a6 6. h3 e5 7. Nde2 Qc7 8. g4
b5 9. g5 Nfd7 10. Nd5 Qd8 11. Be3 Bb7 12. Nec3 Nc6 13. Qd2 Rc8 14. a3 Na5 15.
h4 Nc4 16. Bxc4 Rxc4 17. O-O-O Be7 18. Rhg1 Bxd5 19. Qxd5 Qc8 20. Qd3 Nc5 21.
Bxc5 Qxc5 22. f3 Rd4 23. Qe2 Rxd1+ 24. Rxd1 O-O 25. Nd5 Bd8 26. Qd2 Re8 27. Nb4
Ba5 28. Qxd6 Qe3+ 29. Kb1 Qxf3 30. Rd3 Qxe4 31. Nc6 Bb6 32. Ne7+ Kh8 33. Qxb6
Qxh4 34. Rd8 Qe1+ 35. Ka2 1-0

[Event "DEM U14w 2017"]
[Site "Willingen GER"]
[Date "2017.06.04"]
[Round "1"]
[White "Schneider, Katharina"]
[Black "Bui, Ngoc Han Julia"]
[Result "0-1"]
[Termination "normal"]
[Board "2"]
[WhiteElo "1493"]
[BlackElo "1794"]
[WhiteClock "00:14:12"]
[BlackClock "00:18:12"]
[PlyCount "84"]
[WhiteFideId "16200519"]
[BlackFideId "12977055"]
[EventCountry "GER"]
[EventRounds "9"]
[EventType "swiss"]
[EventDate "2017.06.03"]

1. e4 c5 2. Nf3 a6 3. d4 cxd4 4. Nxd4 Nf6 5. Nc3 e5 6. Nb3 Bb4 7. Bd3 d5 8. O-O
Bxc3 9. bxc3 dxe4 10. Be2 Qxd1 11. Rxd1 O-O 12. Be3 Bf5 13. Rab1 Nc6 14. Nc5 b5
15. a4 Ng4 16. axb5 axb5 17. Bxg4 Bxg4 18. Rd6 Rfc8 19. Nxe4 Na5 20. f3 Nc4 21.
Rd3 Na3 22. Rb2 Bf5 23. Bd2 Ra4 24. Rb4 f6 25. Rd5 Rxb4 26. cxb4 Bxe4 27. fxe4
Rxc2 28. Kf2 Nc4 29. Ke2 Rxd2+ 30. Rxd2 Nxd2 31. Kxd2 Kf7 32. Ke3 Kg6 33. h3 f5
34. exf5+ Kxf5 35. g4+ Ke6 36. Ke4 g5 37. Kd3 Kd5 38. Ke3 e4 39. Kd2 Kd4 40.
Ke2 e3 41. Kd1 Kd3 42. Ke1 e2 0-1

[Event "DEM U14w 2017"]
[Site "Willingen GER"]
[Date "2017.06.04"]
[Round "1"]
[White "Khamenya, Vitalia"]
[Black "Pavlov, Liliane"]
[Result "1/2-1/2"]
[Termination "normal"]
[Board "3"]
[WhiteElo "1814"]
[BlackElo "1479"]
[WhiteClock "00:02:03"]
[BlackClock "00:03:56"]
[PlyCount "59"]
[WhiteFideId "12959260"]
[BlackFideId "16225449"]
[EventCountry "GER"]
[EventRounds "9"]
[EventType "swiss"]
[EventDate "2017.06.03"]

1. d4 d5 2. e3 Bf5 3. f4 Nf6 4. Nf3 e6 5. Be2 Nbd7 6. O-O Ne4 7. Ne5 Nxe5 8.
fxe5 h5 9. Nd2 Qg5 10. Nxe4 Bxe4 11. Bf3 h4 12. Bxe4 dxe4 13. Rf4 Be7 14. Qg4
Qh6 15. Rxe4 Bg5 16. Bd2 Rd8 17. Rf1 c5 18. Qf3 O-O 19. Be1 cxd4 20. exd4 f6
21. Qc3 fxe5 22. Rxf8+ Rxf8 23. dxe5 Qg6 24. Re2 Bd8 25. Bf2 Qf7 26. Qe1 Qg6
27. Bxh4 Bb6+ 28. Bf2 Rxf2 29. Rxf2 Qxc2 30. Kf1 1/2-1/2

[Event "DEM U14w 2017"]
[Site "Willingen GER"]
[Date "2017.06.04"]
[Round "1"]
[White "Zell, Hannah"]
[Black "Basovskiy, Jana"]
[Result "0-1"]
[Termination "normal"]
[Board "4"]
[WhiteElo "1489"]
[BlackElo "1741"]
[WhiteClock "00:00:31"]
[BlackClock "00:00:54"]
[PlyCount "54"]
[WhiteFideId "16208900"]
[BlackFideId "16208617"]
[EventCountry "GER"]
[EventRounds "9"]
[EventType "swiss"]
[EventDate "2017.06.03"]

1. e4 c5 2. Nf3 e6 3. c4 Nc6 4. Nc3 Be7 5. Be2 d6 6. d4 cxd4 7. Nxd4 Nf6 8. O-O
O-O 9. Be3 a6 10. a3 Bd7 11. b4 Rc8 12. Qb3 Qc7 13. f3 Ne5 14. Rac1 Rfd8 15.
Nd1 Qb8 16. Nb2 Be8 17. Rfd1 b5 18. cxb5 Bxb5 19. Nxb5 axb5 20. g4 Ng6 21. Rxc8
Rxc8 22. Qd3 Qa8 23. Qxb5 Qxa3 24. Nc4 Rxc4 25. Qxc4 Qxe3+ 26. Kf1 Nf4 27. Rb1
Nh3 0-1

[Event "DEM U14w 2017"]
[Site "Willingen GER"]
[Date "2017.06.04"]
[Round "1"]
[White "Schnabel, Luise"]
[Black "Jung, Karina"]
[Result "1-0"]
[Termination "normal"]
[Board "5"]
[WhiteElo "1661"]
[BlackElo "1614"]
[WhiteClock "00:30:25"]
[BlackClock "00:18:46"]
[PlyCount "85"]
[WhiteFideId "12943347"]
[BlackFideId "16222865"]
[EventCountry "GER"]
[EventRounds "9"]
[EventType "swiss"]
[EventDate "2017.06.03"]

1. e4 e5 2. Nf3 Nc6 3. Bb5 a6 4. Bxc6 dxc6 5. O-O f6 6. d4 Bg4 7. dxe5 Qxd1 8.
Rxd1 fxe5 9. h3 Bxf3 10. gxf3 Bd6 11. Nd2 Ne7 12. Nc4 Rd8 13. Kf1 Ng6 14. Bg5
Rd7 15. Ke2 h6 16. Be3 O-O 17. Rd3 Rf6 18. Rad1 b6 19. h4 c5 20. h5 b5 21. Nxd6
cxd6 22. hxg6 c4 23. Rd5 Rxg6 24. Bc5 h5 25. Rxd6 Rdxd6 26. Bxd6 h4 27. Bxe5
Rh6 28. f4 h3 29. Rh1 Rh4 30. Kf3 Kf7 31. Kg3 Rh8 32. Rxh3 Rd8 33. Rh7 Rd2 34.
Rxg7+ Kf8 35. Ra7 Rxc2 36. Rxa6 Rd2 37. Rb6 Rd3+ 38. Kg4 Rd1 39. Kf5 Rh1 40.
Ke6 Rh6+ 41. Bf6 Kg8 42. Rb8+ Kh7 43. Kf7 1-0

[Event "DEM U14w 2017"]
[Site "Willingen GER"]
[Date "2017.06.04"]
[Round "1"]
[White "Jacoby, Angelina"]
[Black "Berelowitsch, Dana"]
[Result "0-1"]
[Termination "normal"]
[Board "6"]
[WhiteElo "1244"]
[BlackElo "1646"]
[WhiteClock "00:13:46"]
[BlackClock "00:01:23"]
[PlyCount "80"]
[WhiteFideId "12999008"]
[BlackFideId "12977144"]
[EventCountry "GER"]
[EventRounds "9"]
[EventType "swiss"]
[EventDate "2017.06.03"]

1. d4 d5 2. Nf3 Nf6 3. e3 c5 4. c3 Nc6 5. Bd3 Bg4 6. Be2 e6 7. Nbd2 Bd6 8. dxc5
Bxc5 9. Nd4 Bxe2 10. Qxe2 O-O 11. O-O e5 12. N4f3 Qc7 13. Re1 Rfe8 14. b3 Rad8
15. Bb2 d4 16. Qb5 dxe3 17. Qxc5 exd2 18. Red1 Rd5 19. Qe3 e4 20. Nxd2 Ng4 21.
Qh3 Nxf2 22. Kxf2 e3+ 23. Qxe3 Rxe3 24. Kxe3 Qd7 25. Ke2 Qg4+ 26. Kf1 Rg5 27.
g3 Rh5 28. Re1 Qh3+ 29. Ke2 Qxh2+ 30. Kd1 h6 31. g4 Rd5 32. Bc1 Qg2 33. c4 Rd4
34. Kc2 Qxg4 35. Bb2 Qf5+ 36. Kc1 Rg4 37. Nf1 Rg1 38. Kd2 Nb4 39. Ne3 Qd3+ 40.
Kc1 Rxe1+ 0-1

[Event "DEM U14w 2017"]
[Site "Willingen GER"]
[Date "2017.06.04"]
[Round "1"]
[White "Garbuz, Nicole"]
[Black "Albert, Eske"]
[Result "1-0"]
[Termination "normal"]
[Board "7"]
[WhiteElo "1598"]
[BlackElo "1415"]
[PlyCount "89"]
[WhiteFideId "12990701"]
[BlackFideId "12991813"]
[EventCountry "GER"]
[EventRounds "9"]
[EventType "swiss"]
[EventDate "2017.06.03"]

1. e4 e5 2. Nf3 Nc6 3. Bc4 Be7 4. O-O Nf6 5. Re1 O-O 6. d4 exd4 7. e5 Ne8 8.
Nxd4 Nxd4 9. Qxd4 d6 10. Bf4 a6 11. Nc3 c6 12. exd6 Nxd6 13. Rad1 Nf5 14. Qe5
Bf6 15. Rxd8 Bxe5 16. Rxf8+ Kxf8 17. Bxe5 b5 18. Bd3 c5 19. Be4 Ra7 20. Bxf5
Bxf5 21. Bd6+ Re7 22. Rxe7 f6 23. Re5+ Kf7 24. Rxf5 Ke6 25. Rxc5 Kxd6 26. Ne4+
Ke6 27. Rc7 Kf5 28. Nc5 Kg6 29. Nxa6 h5 30. c4 bxc4 31. Rxc4 Kf5 32. b4 Ke5 33.
b5 Kd5 34. Rc1 Ke6 35. b6 Kf7 36. b7 Kg6 37. b8=Q Kh6 38. Qf4+ Kg6 39. g4 Kf7
40. gxh5 Ke6 41. Nc7+ Kd7 42. Qf5+ Kd6 43. Qd5+ Ke7 44. Qe6+ Kf8 45. Qe8# 1-0

[Event "DEM U14w 2017"]
[Site "Willingen GER"]
[Date "2017.06.04"]
[Round "1"]
[White "Bohrer, Katharina"]
[Black "Kunisch, Nina"]
[Result "0-1"]
[Termination "normal"]
[Board "8"]
[WhiteElo "1176"]
[BlackElo "1599"]
[PlyCount "92"]
[WhiteFideId "16225457"]
[BlackFideId "12982849"]
[EventCountry "GER"]
[EventRounds "9"]
[EventType "swiss"]
[EventDate "2017.06.03"]

1. d4 Nf6 2. Nf3 g6 3. c4 Bg7 4. Nc3 d6 5. e4 O-O 6. Be2 c5 7. dxc5 dxc5 8.
Qxd8 Rxd8 9. O-O b6 10. Bg5 Nc6 11. Rad1 Bb7 12. Rfe1 Nb4 13. e5 Ng4 14. Bxe7
Re8 15. Bf6 Nxf6 16. exf6 Bxf6 17. Bf1 Rxe1 18. Rxe1 Rd8 19. a3 Nc2 20. Rc1 Nd4
21. Nxd4 cxd4 22. Ne2 d3 23. Nc3 d2 24. Rd1 Bxc3 25. bxc3 Be4 26. Be2 Bc2 27.
Rf1 d1=Q 28. Bxd1 Rxd1 29. Rxd1 Bxd1 30. Kf1 Bb3 31. Ke2 Bxc4+ 32. Ke3 f6 33.
Kd4 b5 34. g3 Kf7 35. Kc5 Be2 36. Kb4 Ke6 37. f4 Kf5 38. Kb3 Kg4 39. Kc2 Kh3
40. Kd2 Bc4 41. Ke1 Kxh2 42. Kf2 f5 43. Kf3 Bd5+ 44. Kf2 Be4 45. Kf1 Kxg3 46.
Kg1 Kxf4 0-1

[Event "DEM U14w 2017"]
[Site "Willingen GER"]
[Date "2017.06.04"]
[Round "1"]
[White "Glinzner, Alva"]
[Black "Fuchs, Emily"]
[Result "1-0"]
[Termination "normal"]
[Board "9"]
[WhiteElo "1750"]
[BlackElo "1225"]
[PlyCount "79"]
[WhiteFideId "16206169"]
[BlackFideId "16208986"]
[EventCountry "GER"]
[EventRounds "9"]
[EventType "swiss"]
[EventDate "2017.06.03"]

1. e4 e5 2. Nf3 Nc6 3. Bb5 d6 4. d4 Bd7 5. Nc3 Nf6 6. O-O a6 7. Be2 g6 8. Bg5
Bg7 9. dxe5 dxe5 10. Nd5 h6 11. Bxf6 Bxf6 12. Nxf6+ Qxf6 13. c3 O-O-O 14. Qb3
Be6 15. Qa4 Rd6 16. b4 Ne7 17. b5 Bd7 18. c4 c5 19. Qa3 axb5 20. Qxc5+ Rc6 21.
Qxb5 Re6 22. Qb2 Bc6 23. Nd2 Qf4 24. Rfd1 Rd8 25. g3 Qg5 26. Nf3 Qf6 27. Rxd8+
Kxd8 28. Rd1+ Kc7 29. Nd2 h5 30. c5 Bd7 31. Nc4 Nc8 32. Na5 b6 33. Bb5 Re7 34.
cxb6+ Nxb6 35. Qc3+ Kd8 36. Nc6+ Ke8 37. Nxe7 Bxb5 38. Nd5 Nxd5 39. Rxd5 Kf8
40. Rxb5 1-0

[Event "DEM U14w 2017"]
[Site "Willingen GER"]
[Date "2017.06.04"]
[Round "1"]
[White "Wucherer, Sophie"]
[Black "Sinnhöfer, Lilian"]
[Result "1-0"]
[Termination "normal"]
[Board "10"]
[WhiteElo "1229"]
[BlackElo "1477"]
[PlyCount "93"]
[WhiteFideId "16225473"]
[BlackFideId "12977586"]
[EventCountry "GER"]
[EventRounds "9"]
[EventType "swiss"]
[EventDate "2017.06.03"]

1. e4 e5 2. Nf3 Nc6 3. Nc3 Nf6 4. d4 exd4 5. Nxd4 Bb4 6. Nxc6 bxc6 7. Bd3 O-O
8. O-O Re8 9. Qf3 d5 10. exd5 cxd5 11. Bg5 c6 12. a3 Bd6 13. Na4 Be5 14. Rab1
Qc7 15. g3 Bg4 16. Qg2 Qc8 17. Rfe1 h6 18. Be3 Bf5 19. Rbd1 Bxd3 20. Rxd3 Bd6
21. Qf1 c5 22. b3 Qc6 23. Bc1 c4 24. Rc3 Be5 25. Rce3 Bd4 26. R3e2 Ne4 27. Be3
Bxe3 28. fxe3 Rab8 29. Rb1 Nc5 30. Nxc5 Qxc5 31. b4 Qb6 32. Qf3 Rbd8 33. Kg2
Qg6 34. Rd1 Qe4 35. Rd4 Qxf3+ 36. Kxf3 Re5 37. e4 dxe4+ 38. Rexe4 Rxe4 39.
Rxd8+ Kh7 40. Kxe4 f6 41. Rd7 a6 42. Ra7 Kg6 43. Kf4 c3 44. Rxa6 Kh5 45. Ra5+
g5+ 46. Kf5 g4 47. Kxf6# 1-0

[Event "DEM U14w 2017"]
[Site "Willingen GER"]
[Date "2017.06.04"]
[Round "1"]
[White "Ortlepp, Klaudia"]
[Black "Schwegler, Jelena"]
[Result "1-0"]
[Termination "normal"]
[Board "11"]
[WhiteElo "1631"]
[BlackElo "1284"]
[PlyCount "69"]
[WhiteFideId "16206045"]
[BlackFideId "16225481"]
[EventCountry "GER"]
[EventRounds "9"]
[EventType "swiss"]
[EventDate "2017.06.03"]

1. e4 e5 2. f4 exf4 3. Nf3 Ne7 4. d4 d5 5. Nc3 dxe4 6. Nxe4 Nd5 7. Bd3 Nc6 8.
O-O Be6 9. c4 Ndb4 10. d5 Nxd3 11. Qxd3 Nb4 12. Qe2 Nxd5 13. cxd5 Qxd5 14. Rd1
Qh5 15. Bxf4 Bc5+ 16. Kh1 Bb6 17. Qc2 Bf5 18. Qa4+ Ke7 19. Neg5 h6 20. Qb4+ c5
21. Bd6+ Ke8 22. Re1+ Kd7 23. Qb5+ Kxd6 24. Rad1+ Kc7 25. Re7+ Kb8 26. Nxf7 Rf8
27. b4 Bc8 28. N3e5 Qf5 29. bxc5 Qc2 30. Rb1 Bf5 31. Nd7+ Bxd7 32. Rxd7 Qxc5
33. Qxc5 Bxc5 34. Rbxb7+ Kc8 35. Rdc7# 1-0

[Event "DEM U14w 2017"]
[Site "Willingen GER"]
[Date "2017.06.04"]
[Round "1"]
[White "Ruhmke, Rebecca"]
[Black "Rothenberg, Nina"]
[Result "0-1"]
[Termination "normal"]
[Board "12"]
[WhiteElo "1127"]
[BlackElo "1594"]
[PlyCount "118"]
[WhiteFideId "16235991"]
[BlackFideId "16208943"]
[EventCountry "GER"]
[EventRounds "9"]
[EventType "swiss"]
[EventDate "2017.06.03"]

1. e4 e6 2. Nc3 d5 3. exd5 exd5 4. d4 c6 5. Nf3 Bd6 6. Bd3 Ne7 7. O-O O-O 8.
Re1 Qc7 9. g3 h6 10. Bf1 Bf5 11. b3 Nd7 12. a4 Rae8 13. Ba3 Bh7 14. Bh3 f5 15.
Bxd6 Qxd6 16. Qd2 Nf6 17. Ne2 Ne4 18. Qf4 Qxf4 19. Nxf4 g5 20. Ne6 Rf6 21. Nc5
g4 22. Bg2 gxf3 23. Bxf3 b6 24. Nd3 Ng6 25. Bh5 Rff8 26. Re3 Nf6 27. Nf4 Rxe3
28. Bxg6 Re7 29. Rc1 Kg7 30. Bxh7 Kxh7 31. c4 Rfe8 32. Kf1 dxc4 33. Rxc4 Nd5
34. Rxc6 Nxf4 35. gxf4 Re6 36. Rc7+ R8e7 37. Rc3 Rd6 38. Kg2 Rxd4 39. Kg3 Rf7
40. h4 Kg6 41. Rc2 Rd3+ 42. Kg2 Rxb3 43. Ra2 Kh5 44. f3 Kxh4 45. Ra1 Rg7+ 46.
Kf2 Rb2+ 47. Ke3 Re7+ 48. Kd3 Rb3+ 49. Kd4 Rxf3 50. Rh1+ Kg4 51. Rxh6 Rxf4+ 52.
Kc3 Rxa4 53. Rg6+ Kf3 54. Kb3 Rg4 55. Rc6 Re3+ 56. Kb2 Rg2+ 57. Kb1 Re1+ 58.
Rc1 Rxc1+ 59. Kxc1 Ke3 0-1

[Event "DEM U14w 2017"]
[Site "Willingen GER"]
[Date "2017.06.04"]
[Round "1"]
[White "Abele, Anais"]
[Black "Hoffmann, Vanessa"]
[Result "1/2-1/2"]
[Termination "normal"]
[Board "13"]
[WhiteElo "1628"]
[BlackElo "1022"]
[PlyCount "169"]
[WhiteFideId "16208927"]
[BlackFideId "16244672"]
[EventCountry "GER"]
[EventRounds "9"]
[EventType "swiss"]
[EventDate "2017.06.03"]

1. e4 e5 2. Nf3 Nc6 3. Bb5 a6 4. Ba4 b5 5. Bb3 Nf6 6. d3 Be7 7. O-O O-O 8. c3
d6 9. Re1 Na5 10. Bc2 c5 11. Nbd2 Re8 12. Nf1 Bf8 13. d4 Qc7 14. d5 Nc4 15. Bd3
Nb6 16. Bg5 Be7 17. Ne3 Ng4 18. Nxg4 Bxg4 19. Bxe7 Qxe7 20. h3 Bh5 21. Be2 Bg6
22. Qc2 Nxd5 23. Rad1 Nf6 24. Bf1 Qb7 25. Nd2 d5 26. f3 Rad8 27. Bd3 c4 28. Bf1
dxe4 29. Nxe4 Bxe4 30. fxe4 Rxd1 31. Qxd1 Nxe4 32. Qf3 Qb6+ 33. Qe3 Qxe3+ 34.
Rxe3 f5 35. g4 Nd6 36. gxf5 Nxf5 37. Re1 Kf7 38. Bg2 g6 39. Bb7 a5 40. Bc6 Rb8
41. Rxe5 Nd6 42. Bd5+ Kg7 43. Re7+ Kh6 44. Rd7 Rb6 45. Bg8 Kg5 46. Rxh7 Nf5 47.
Rc7 Ne3 48. Re7 Nd1 49. Re2 b4 50. Bxc4 bxc3 51. bxc3 Nxc3 52. Re5+ Kh4 53. Re3
Rb1+ 54. Kg2 Rb2+ 55. Kf3 Nxa2 56. Ra3 Nb4 57. Rxa5 Rc2 58. Be6 Rc3+ 59. Kg2
Nd3 60. Ra4+ Kg5 61. Ra5+ Kf6 62. Bg4 Nf4+ 63. Kh2 Nd3 64. Rb5 Rc2+ 65. Kg3 Ne5
66. Ra5 Rc3+ 67. Kh2 Re3 68. Ra6+ Kg5 69. Ra5 Kh4 70. Ra4 Rg3 71. Rb4 Nxg4+ 72.
hxg4 Rxg4 73. Rb3 Kg5 74. Rb5+ Kh4 75. Rb3 Kh5 76. Kh3 Rf4 77. Kg3 Rf5 78. Rb4
g5 79. Ra4 Kg6 80. Kg4 Rd5 81. Ra6+ Kf7 82. Ra7+ Ke6 83. Ra6+ Kd7 84. Rg6 Rd4+
85. Kxg5 1/2-1/2

[Event "DEM U14w 2017"]
[Site "Willingen GER"]
[Date "2017.06.04"]
[Round "2"]
[White "Kunisch, Nina"]
[Black "Müdder, Melanie"]
[Result "0-1"]
[Termination "normal"]
[Board "1"]
[WhiteElo "1599"]
[BlackElo "1769"]
[WhiteClock "01:02:44"]
[BlackClock "00:30:05"]
[PlyCount "84"]
[WhiteFideId "12982849"]
[BlackFideId "12994103"]
[EventCountry "GER"]
[EventRounds "9"]
[EventType "swiss"]
[EventDate "2017.06.03"]

1. e4 c5 2. Nf3 Nc6 3. d4 cxd4 4. Nxd4 e5 5. Nf5 d6 6. Ne3 Nf6 7. Nc3 Be6 8.
Bc4 Bxc4 9. Nxc4 Nxe4 10. Nxe4 d5 11. Nxe5 dxe4 12. Qxd8+ Nxd8 13. O-O f6 14.
Nc4 Rc8 15. Ne3 Bc5 16. Nd5 O-O 17. c3 Nf7 18. Bf4 Rfd8 19. Rad1 Kf8 20. Rfe1
f5 21. Be3 Bxe3 22. Nxe3 g6 23. Nd5 Ne5 24. Nf4 Kf7 25. Rf1 b6 26. Rfe1 g5 27.
Nh5 Nd3 28. Re2 Nf4 29. Red2 Rxd2 30. Rxd2 Nxh5 31. Rd7+ Kg6 32. Rxa7 Rd8 33.
g3 f4 34. Kf1 Rd2 35. Re7 Nf6 36. gxf4 gxf4 37. Re6 Rxb2 38. h3 Kf5 39. Rc6 Nd5
40. Rh6 Nf6 41. h4 Rxa2 42. Ke1 Rc2 0-1

[Event "DEM U14w 2017"]
[Site "Willingen GER"]
[Date "2017.06.04"]
[Round "2"]
[White "Bui, Ngoc Han Julia"]
[Black "Garbuz, Nicole"]
[Result "1-0"]
[Termination "normal"]
[Board "2"]
[WhiteElo "1794"]
[BlackElo "1598"]
[WhiteClock "00:44:34"]
[BlackClock "00:01:36"]
[PlyCount "75"]
[WhiteFideId "12977055"]
[BlackFideId "12990701"]
[EventCountry "GER"]
[EventRounds "9"]
[EventType "swiss"]
[EventDate "2017.06.03"]

1. e4 e5 2. Nf3 Nc6 3. Bb5 a6 4. Ba4 Nge7 5. Nc3 g6 6. d4 exd4 7. Nd5 Bg7 8.
Bg5 h6 9. Bf6 Bxf6 10. Nxf6+ Kf8 11. Nxd4 Nf5 12. exf5 Qxf6 13. Nxc6 dxc6 14.
fxg6 Qxg6 15. Qd8+ Kg7 16. Qd4+ Kh7 17. O-O-O Bf5 18. f3 Qg5+ 19. Qd2 Rhg8 20.
g4 Qxd2+ 21. Rxd2 Be6 22. Bb3 Bxb3 23. axb3 Rad8 24. Rhd1 Rxd2 25. Rxd2 Rg7 26.
Rd7 f6 27. Rxg7+ Kxg7 28. Kd2 Kg6 29. h4 h5 30. Ke3 Kh6 31. Kf4 Kg6 32. Ke4 b6
33. b4 c5 34. bxc5 b5 35. Kd5 b4 36. b3 hxg4 37. fxg4 f5 38. gxf5+ 1-0

[Event "DEM U14w 2017"]
[Site "Willingen GER"]
[Date "2017.06.04"]
[Round "2"]
[White "Pavlov, Liliane"]
[Black "Wucherer, Sophie"]
[Result "1-0"]
[Termination "normal"]
[Board "6"]
[WhiteElo "1479"]
[BlackElo "1229"]
[WhiteClock "00:34:39"]
[BlackClock "00:43:03"]
[PlyCount "75"]
[WhiteFideId "16225449"]
[BlackFideId "16225473"]
[EventCountry "GER"]
[EventRounds "9"]
[EventType "swiss"]
[EventDate "2017.06.03"]

1. d4 Nf6 2. Nc3 e6 3. e4 Bb4 4. Bd3 b6 5. Nge2 Bb7 6. f3 O-O 7. a3 Be7 8. Be3
d5 9. e5 Ne8 10. Qd2 Nd7 11. g4 f6 12. exf6 Nexf6 13. g5 Ne8 14. f4 c5 15. Ng3
c4 16. Be2 Bc6 17. h4 Nb8 18. h5 Bd7 19. g6 h6 20. f5 Bg5 21. Bxg5 hxg5 22.
fxe6 Bxe6 23. O-O-O Rf6 24. Qxg5 Kf8 25. h6 gxh6 26. Qxh6+ Ke7 27. Rhf1 Kd7 28.
Nh5 Rxf1 29. Rxf1 Nc6 30. Qh7+ Ne7 31. Nf4 Nf6 32. Qg7 Qf8 33. Nxe6 Kxe6 34.
Bg4+ Nf5 35. Bxf5+ Kd6 36. Nb5+ Kc6 37. Bd7+ Kb7 38. Qxf6 1-0

[Event "DEM U14w 2017"]
[Site "Willingen GER"]
[Date "2017.06.04"]
[Round "2"]
[White "Hoffmann, Vanessa"]
[Black "Khamenya, Vitalia"]
[Result "1/2-1/2"]
[Termination "normal"]
[Board "7"]
[WhiteElo "1022"]
[BlackElo "1814"]
[PlyCount "59"]
[WhiteFideId "16244672"]
[BlackFideId "12959260"]
[EventCountry "GER"]
[EventRounds "9"]
[EventType "swiss"]
[EventDate "2017.06.03"]

1. e4 d5 2. exd5 Qxd5 3. Nc3 Qd6 4. d4 Nf6 5. Nf3 a6 6. g3 b5 7. Bf4 Qb6 8. a3
Bb7 9. Bg2 e6 10. O-O Be7 11. Qd2 O-O 12. Rad1 Rd8 13. Qe3 Nc6 14. Ne5 Nxe5 15.
Bxb7 Qxb7 16. Bxe5 Ng4 17. Qf4 Nxe5 18. Qxe5 Bf6 19. Qe3 Qa7 20. Ne2 Rd6 21.
Rd2 Rad8 22. Rfd1 c6 23. b3 Qd7 24. c4 bxc4 25. bxc4 Qb7 26. Nc3 Qa7 27. c5
R6d7 28. Qe4 Rc8 29. Na4 Bd8 30. Rb2 1/2-1/2

[Event "DEM U14w 2017"]
[Site "Willingen GER"]
[Date "2017.06.04"]
[Round "2"]
[White "Sinnhöfer, Lilian"]
[Black "Abele, Anais"]
[Result "1/2-1/2"]
[Termination "normal"]
[Board "8"]
[WhiteElo "1477"]
[BlackElo "1628"]
[PlyCount "112"]
[WhiteFideId "12977586"]
[BlackFideId "16208927"]
[EventCountry "GER"]
[EventRounds "9"]
[EventType "swiss"]
[EventDate "2017.06.03"]

1. e4 c5 2. Nf3 d6 3. d4 cxd4 4. Qxd4 Nc6 5. Bb5 Bd7 6. Bxc6 Bxc6 7. Nc3 Nf6 8.
Bg5 e6 9. O-O-O Be7 10. Rhe1 Qc7 11. Kb1 e5 12. Qd3 O-O-O 13. Bxf6 Bxf6 14. Nd5
Bxd5 15. Qxd5 Rd7 16. Re3 Kb8 17. Rc3 Qb6 18. Rd2 Rc8 19. Rb3 Qc5 20. Rbd3 Qxd5
21. Rxd5 Rcd8 22. c4 Kc7 23. R2d3 g6 24. b3 Bg7 25. h4 h6 26. Nh2 Bf6 27. g3 h5
28. Rf3 Bg7 29. Nf1 a6 30. Rd1 b5 31. Ne3 Rb8 32. Nd5+ Kc6 33. cxb5+ Rxb5 34.
Rc3+ Rc5 35. Nb4+ Kb5 36. Rxc5+ Kxc5 37. a3 a5 38. Nd5 Bh6 39. Rd3 Kc6 40. b4
axb4 41. axb4 f5 42. Rc3+ Kb7 43. exf5 gxf5 44. b5 Bd2 45. Rc2 Ba5 46. Kc1 Rd8
47. Kd1 Bb6 48. Ke2 Rf8 49. Rc6 Bc5 50. Rc7+ Kb8 51. Rh7 f4 52. gxf4 Rf5 53.
Kf3 exf4 54. Nxf4 Bxf2 55. Kxf2 Rxf4+ 56. Kg3 Rf5 1/2-1/2

[Event "DEM U14w 2017"]
[Site "Willingen GER"]
[Date "2017.06.04"]
[Round "2"]
[White "Wagner, Victoria"]
[Black "Bohrer, Katharina"]
[Result "1-0"]
[Termination "normal"]
[Board "9"]
[WhiteElo "1499"]
[BlackElo "1176"]
[PlyCount "61"]
[WhiteFideId "16232348"]
[BlackFideId "16225457"]
[EventCountry "GER"]
[EventRounds "9"]
[EventType "swiss"]
[EventDate "2017.06.03"]

1. e4 d6 2. d4 Nf6 3. Nc3 g6 4. f3 Bg7 5. Be3 c6 6. Qd2 b5 7. O-O-O Nbd7 8. Bh6
Bxh6 9. Qxh6 Nb6 10. g4 Rb8 11. h4 Nc4 12. Bxc4 bxc4 13. h5 gxh5 14. g5 Nd7 15.
Qg7 Rf8 16. Rxh5 Qb6 17. Rxh7 Qxb2+ 18. Kd2 Qa3 19. g6 c5 20. gxf7+ Kd8 21. Rh8
Rxh8 22. Qxh8+ Kc7 23. Nd5+ Kb7 24. Rb1+ Kc6 25. Nxe7+ Kc7 26. Rxb8 c3+ 27. Kd1
Nxb8 28. Qxc8+ Kb6 29. Qxb8+ Ka6 30. Qxd6+ Kb7 31. f8=Q 1-0

[Event "DEM U14w 2017"]
[Site "Willingen GER"]
[Date "2017.06.04"]
[Round "2"]
[White "Albert, Eske"]
[Black "Schneider, Katharina"]
[Result "0-1"]
[Termination "normal"]
[Board "10"]
[WhiteElo "1415"]
[BlackElo "1493"]
[PlyCount "32"]
[WhiteFideId "12991813"]
[BlackFideId "16200519"]
[EventCountry "GER"]
[EventRounds "9"]
[EventType "swiss"]
[EventDate "2017.06.03"]

1. e4 e5 2. d4 exd4 3. Qxd4 Nc6 4. Qe3 d6 5. Bd2 Be6 6. Nc3 Qd7 7. O-O-O O-O-O
8. Bb5 a6 9. Bd3 Kb8 10. f3 Nge7 11. Nge2 d5 12. Nd4 Nxd4 13. Qxd4 Nc6 14. Qf2
d4 15. Ne2 Bxa2 16. b3 Ba3# 0-1

[Event "DEM U14w 2017"]
[Site "Willingen GER"]
[Date "2017.06.04"]
[Round "2"]
[White "Fuchs, Emily"]
[Black "Zell, Hannah"]
[Result "0-1"]
[Termination "normal"]
[Board "11"]
[WhiteElo "1225"]
[BlackElo "1489"]
[PlyCount "78"]
[WhiteFideId "16208986"]
[BlackFideId "16208900"]
[EventCountry "GER"]
[EventRounds "9"]
[EventType "swiss"]
[EventDate "2017.06.03"]

1. e4 e5 2. Nf3 Nc6 3. d4 exd4 4. Nxd4 Bc5 5. Be3 Qf6 6. c3 Nge7 7. Bc4 Ne5 8.
Be2 Qg6 9. Bf3 d6 10. Nc2 Bxe3 11. Nxe3 Be6 12. O-O N7c6 13. Nd2 O-O 14. Be2 f5
15. f4 Nd7 16. Qc2 fxe4 17. Qxe4 Qxe4 18. Nxe4 Rae8 19. Nd2 Bxa2 20. Rxa2 Rxe3
21. Bb5 Ndb8 22. Nb3 a6 23. Bc4+ Kh8 24. Na5 Nxa5 25. Rxa5 c6 26. g3 d5 27. Bb3
Re2 28. Rf2 Rfe8 29. Bd1 Re1+ 30. Rf1 Nd7 31. Ra1 Rxf1+ 32. Kxf1 Nf6 33. g4 Kg8
34. Kf2 Ne4+ 35. Kg2 Nc5 36. Kf3 Re1 37. Rb1 Ne4 38. Kg2 Kf7 39. Bc2 Re2+ 0-1

[Event "DEM U14w 2017"]
[Site "Willingen GER"]
[Date "2017.06.04"]
[Round "2"]
[White "Jung, Karina"]
[Black "Ruhmke, Rebecca"]
[Result "0-1"]
[Termination "normal"]
[Board "12"]
[WhiteElo "1614"]
[BlackElo "1127"]
[PlyCount "62"]
[WhiteFideId "16222865"]
[BlackFideId "16235991"]
[EventCountry "GER"]
[EventRounds "9"]
[EventType "swiss"]
[EventDate "2017.06.03"]

1. e4 d5 2. exd5 Nf6 3. c4 e6 4. dxe6 Bxe6 5. Nf3 Bg4 6. Be2 Bd6 7. O-O Nc6 8.
Re1 O-O 9. a3 Re8 10. Nc3 Ne5 11. Nd4 Bxe2 12. Ndxe2 Nxc4 13. Qb3 Na5 14. Qb5
Re5 15. Qa4 Qd7 16. Qc2 Rae8 17. d4 Rh5 18. Bf4 Qe7 19. Qd2 Nb3 20. Bxd6 Qxd6
21. Qd3 Nxa1 22. Rxa1 Qxh2+ 23. Kf1 Qh1+ 24. Ng1 Ng4 25. f3 Ne3+ 26. Ke2 Qxg2+
27. Ke1 Qxg1+ 28. Kd2 Qxa1 29. Qb5 Rxb5 30. Nxb5 Qxb2+ 31. Kd3 Qc2# 0-1